ʻEnayim ba-reʼi : (Record no. 32559)

MARC details
000 -LEADER
fixed length control field 00516cam a22001931 4500
001 - CONTROL NUMBER
control field he 67001584
003 - CONTROL NUMBER IDENTIFIER
control field DLC
005 - DATE AND TIME OF LATEST TRANSACTION
control field 20260227111449.0
008 - FIXED-LENGTH DATA ELEMENTS--GENERAL INFORMATION
fixed length control field 840424s1966 is 000 0 heb
010 ## - LIBRARY OF CONGRESS CONTROL NUMBER
LC control number he 67001584
035 ## - SYSTEM CONTROL NUMBER
System control number (OCoLC)19140931
040 ## - CATALOGING SOURCE
Original cataloging agency DLC
Transcribing agency MH
Modifying agency CU
-- DLC
050 00 - LIBRARY OF CONGRESS CALL NUMBER
Classification number PJ5054.S25156
Item number E5
100 1# - MAIN ENTRY--PERSONAL NAME
Personal name Senunit, Mikhal,
Dates associated with a name 1940-
245 10 - TITLE STATEMENT
Title ʻEnayim ba-reʼi :
Remainder of title shirim.
260 ## - PUBLICATION, DISTRIBUTION, ETC.
Place of publication, distribution, etc. [Tel Aviv] :
Name of publisher, distributor, etc. Maḥbarot le-sifrut,
Date of publication, distribution, etc. [1966]
300 ## - PHYSICAL DESCRIPTION
Extent 41 p. ;
Dimensions 21 cm.
752 ## - ADDED ENTRY--HIERARCHICAL PLACE NAME
Country or larger entity Israel
City Tel Aviv

No items available.

Powered by Koha